quiz do brasil - Statistics

Estatísticas Gerais
  • Esse quiz foi jogado 157 vezes
  • A pontuação média é 3 de 5
Estatísticas das Respostas
Questão Resposta % Correto
O Uruguai já foi um único estado brasileiro Verdadeiro
72%
O Brasil tem uma língua,tomada e moeda que só existe nele Falso
61%
O nome da cor azul celeste veio do Brasil Verdadeiro
58%
O homem chegou no Brasil em 1500 Falso
56%
O Brasil já teve cana de açúcar na bandeira Falso
56%
Nenhum quiz correspondente encontrado
Distribuição das Pontuações
Porcentagem de Pessoas com Cada Pontuação
Percentil de Números Respondidos
Sua Pontuação Histórica
Você não jogou esse quiz